Online Catalogue and eLibrary

Elipaththen udawaththata (Record no. 4797)

MARC details
000 -LEADER
fixed length control field 00397nam a2200157Ia 4500
005 - DATE AND TIME OF LATEST TRANSACTION
control field 20250703155347.0
008 - FIXED-LENGTH DATA ELEMENTS--GENERAL INFORMATION
fixed length control field 240331s9999 xx 000 0 und d
020 ## - INTERNATIONAL STANDARD BOOK NUMBER
ISBN 959348876
082 ## - DDC Classification
Item Number - Author Mark BOT
Class No. 891
100 ## - MAIN ENTRY--PERSONAL NAME
Personal name Botheju,L
245 #0 - TITLE STATEMENT
Title Elipaththen udawaththata
260 ## - PUBLICATION, DISTRIBUTION, ETC.
Place of publication, distribution, etc. Colombo
Name of publisher, distributor, etc. Surya Publishers
Date of publication, distribution, etc. 2000
300 ## - PHYSICAL DESCRIPTION
Extent (e.g. Volumes, Pages etc.) 190 p .,
500 ## - GENERAL NOTE
General note A book of To rise from the threshold
942 ## - Koha item type (Biblio)
Koha item type Books in Stacks (Lending)
Holdings
Lost status Damaged status Collection code Home library Current library Shelving location Date acquired Full call number Accession Number Item type
    Lending WERC Library WERC Library Social Science Cupboard 03/31/2024 891.48 BOT 4612 Books in Stacks (Lending)

© WERC Library